Achievement : (Record no. 7446)
[ view plain ]
| 000 -LEADER | |
|---|---|
| fixed length control field | 01123cam a2200325 a 4500 |
| 001 - CONTROL NUMBER | |
| JCCL Control Number | 7446 |
| 003 - CONTROL NUMBER IDENTIFIER | |
| JCCL marc code | BD-JhCC |
| 005 - DATE AND TIME OF LATEST TRANSACTION | |
| control field | 20180402090603.0 |
| 008 - FIXED-LENGTH DATA ELEMENTS--GENERAL INFORMATION | |
| fixed length control field | 780919s1977 wiu b s000 0 eng d |
| 035 ## - SYSTEM CONTROL NUMBER | |
| system control number | (TxU-L)b10357166 |
| 035 ## - SYSTEM CONTROL NUMBER | |
| system control number | (RLG)TXUL4234372-B |
| 035 ## - SYSTEM CONTROL NUMBER | |
| system control number | (BD-JhCC)7446 |
| 035 ## - SYSTEM CONTROL NUMBER | |
| system control number | (CStRLIN)TXUL4234372-B |
| 040 ## - CATALOGING SOURCE | |
| Original cataloging agency | WU |
| Transcribing agency | WU |
| Modifying agency | TxU-L |
| -- | CStRLIN |
| -- | CUD |
| -- | OCoLC |
| -- | BD-JhCC |
| 041 ## - LANGUAGE CODE | |
| Language code of Book | eng |
| 050 #4 - LIBRARY OF CONGRESS CALL NUMBER | |
| Classification number | HC110.P6 |
| Item number | W572 no.449 |
| 082 ## - DEWEY DECIMAL CLASSIFICATION NUMBER | |
| Author mark and Year | BAR 1977 |
| Classification number | 920.04 |
| 100 1# - MAIN ENTRY--PERSONAL NAME | |
| Personal name | Barker, D. W. |
| 245 10 - TITLE STATEMENT | |
| Title | Achievement : |
| Remainder of title | an anthology of ends attained |
| Statement of responsibility, etc | D. W. Barker |
| 260 ## - PUBLICATION, DISTRIBUTION, ETC. (IMPRINT) | |
| Place of publication, distribution, etc | Madison : |
| Name of publisher, distributor, etc | Institute for Research on Poverty, University of Wisconsin, |
| Date of publication, distribution, etc | 1977. |
| 300 ## - PHYSICAL DESCRIPTION | |
| Pagination | 100 p. ; |
| Dimensions | 28 cm. |
| 490 1# - SERIES STATEMENT | |
| Series statement | Discussion paper - Institute for Research on Poverty ; |
| Volume number/sequential designation | 449-77. |
| 504 ## - BIBLIOGRAPHY, ETC. NOTE | |
| Bibliography, etc | Includes bibliographical references. |
| 650 #0 - SUBJECT ADDED ENTRY--TOPICAL TERM | |
| Topical term or geographic name as entry element | Ambition. |
| 650 #0 - SUBJECT ADDED ENTRY--TOPICAL TERM | |
| Topical term or geographic name as entry element | Goal (Psychology) |
| 830 #0 - SERIES ADDED ENTRY--UNIFORM TITLE | |
| Uniform title | Discussion papers (University of Wisconsin--Madison. Institute for Research on Poverty) ; |
| Volume number/sequential designation | 449-77. |
| 942 ## - ADDED ENTRY ELEMENTS (KOHA) | |
| Source of classification or shelving scheme | Dewey Decimal Classification |
| Koha item type | Books |
| 947 ## - LOCAL PROCESSING INFORMATION (OCLC) | |
| a | use |
| b | match points |
| d | Date in brackets or missing digits. |
| z | date |
| Source of classification or shelving scheme | Damaged status | Not for loan | Home library | Current library | Shelving location | Total Checkouts | Full call number | Barcode | Date last seen | Copy number | Koha item type |
|---|---|---|---|---|---|---|---|---|---|---|---|
| Dewey Decimal Classification | JCC Rouf Library | JCC Rouf Library | General Stacks | 920.04 BAR 1977 | 9913 | 02/10/2018 | C - 1 | Books |